000 00728nam a2200277Ia 4500
003 OSt
005 20220912151415.0
006 a|||||r|||| 00| 0
007 ta
008 220909b |||||||| |||| 00| 0 eng d
024 _a49079
037 _cTextual
040 _aCSL
_beng
_cCSL
041 _aeng
082 _aH7.445264g7H, M3
100 _aGupta Raj Kumar
245 0 _aLiving Himalayas
260 _aNew Delhi
_b Today & Tommrows Printers
_c1983
300 _aiii, 379p.
_ccm. illus.
650 _a Economic geology
650 _a Mineral resources
650 _a Mines
650 _aGeology
942 _hH7.445264g7H, M3
_cTEXL
_2CC
999 _c67750
_d67750